El colonato en la América meridional andina desde el siglo XVIII: informe preliminar

Saved in:
Bibliografiske detaljer
Hovedforfatter: Mörner, Magnus (autor)
Format: Bog
Sprog:spansk
Udgivet: Estocolmo Magnus Morner 1970
Fag:
Tags: Tilføj Tag
Ingen Tags, Vær først til at tagge denne postø!

MARC

LEADER 00000nam a2200000 a 4500
001 UCO2865
003 CL-VaPUC
008 000608e19700000SW |||||||||||||||||spa|d
082 0 4 |a 330.8  |b MOR  |2 21 
100 |a Mörner, Magnus  |e autor  |9 323671 
245 1 3 |a El colonato en la América meridional andina desde el siglo XVIII: informe preliminar 
300 |a 16 p 
942 |c BK 
945 |d 20000608 00:00:00  |a rherrera 
260 |a Estocolmo  |b Magnus Morner  |c 1970 
650 7 |a ECONOMIA DE AMERICA  |2 CL-VaPUC  |9 446231 
650 0 |a América colonial  |9 446254 
650 0 |a Historia de américa siglo 18  |9 362785 
651 0 |a América  |9 255182 
583 |a last modification  |c 20160826 12:40:16  |k Rodrigo Vera 
999 |c 289358  |d 289356 
952 |0 0  |1 0  |4 0  |6 330_800000000000000_MOR_1970  |7 0  |8 A  |9 337692  |a BIBHIS  |b BIBHIS  |d 2019-11-20  |i 1288415  |o 330.8 MOR 1970  |p 1288415  |r 2023-01-25  |w 2019-11-20  |y BK  |k HIS